000 00672nam a2200205 a 4500
001 000010264
005 20240305125107.0
008 091006s1970 dr a 000 0 spa d
040 _aDO-SdBNP
_bspa
_cBNPHU
082 _aRD861.44
_bF363d
100 1 _aFernández Spencer, Antonio,
_d1922-1995
_922525
245 1 0 _aDiario del mundo (1952-1967) /
_cAntonio Fernández Spencer.
260 _aMadrid, España :
_bCultura Hispánica,
_c1970.
300 _a136 p. :
_bil. ;
_c21 cm.
490 1 _aPoética
500 _aIncluye datos biográficos del autor en la solapa de la cubierta
586 _aPremio Leopoldo Penero 1969
830 0 _aPoética
_925279
049 _aBNPD
999 _c10023
_d10023